00996nam a2200265 i 4500001000300000100004600003245012000049250001200169260003400181300002800215490006700243504001400310650003000324650003100354655003000385830005500415040000800470041000800478080003200486942000700518008004100525999001700566856009800583952004900681bg1 aGorzałczany, Marian Bolesławd(1955- ).10aUkłady cyfrowe - metody syntezy.nT. 2,pUkłady sekwencyjne, układy mikroprogramowane /cMarian B. Gorzałczany. aWyd. 7. aKielce :bWydaw. PŚ,c2003. a370 s. :bil. ;c24 cm.1 aSkrypty / Politechnika Świętokrzyska,x0239-6386 ;vnr 392 aBibliogr. 9aUkłady cyfrowexprojekty 9aUkłady logicznexprojekty aPodręczniki akademickie 0aSkrypty (Politechnika Świętokrzyska) ;vnr 392 cBPK0 apol a004.31:621.3.049.77](075.8) cKS s pl f |000 0 pol  c43273d43273 uhttp://koha.tu.koszalin.pl/cgi-bin/koha/opac-detail.pl?biblionumber=43273yKatalog online BPK 00104070aBPKbBPKcwo68578p02013350yKS